[Event "Challenge"]
[Site "http://www.queenalice.com/game.php?id=1864430"]
[Date "2025.10.18"]
[Round "-"]
[White "sasquatico"]
[Black "Mlintz"]
[Result "1-0"]
[WhiteElo "1923"]
[BlackElo "1860"]

1. d4 d5 2. Nc3 g6 3. e3 Bg7 4. Nf3 Nf6 5. Bd3 e6 6. h3 a6 7. Ne5 O-O 8. a3 b5
9. O-O Nfd7 10. Nxd7 Nxd7 11. Ne2 e5 12. dxe5 Nxe5 13. Nf4 Nxd3 14. Qxd3 Bb7 15.
c3 c5 16. b3 b4 17. axb4 cxb4 18. Bd2 a5 19. Ra2 bxc3 20. Bxc3 Bxc3 21. Qxc3 Re8
22. Rd1 Re7 23. Rad2 Rd7 24. Qd4 Ra6 25. e4 Rad6 26. e5 Rb6 27. Rd3 Ba6 28. Rg3
Qh4 29. Qxb6 Qxf4 30. Qxa6 Qxe5 31. Qc8+ 1-0

[Event "Challenge"]
[Site "http://www.queenalice.com/game.php?id=1864431"]
[Date "2025.10.18"]
[Round "-"]
[White "Mlintz"]
[Black "Capixaba789"]
[Result "1/2-1/2"]
[WhiteElo "1861"]
[BlackElo "1843"]

1. d4 Nf6 2. Nc3 d5 3. Nf3 Bg4 4. h3 Bd7 5. e3 e6 6. Bd3 c5 7. dxc5 Bxc5 8. Qd2
O-O 9. a3 Nc6 10. O-O e5 11. b4 Bb6 12. b5 Nb8 13. Nxe5 Be6 14. Bb2 Nbd7 15.
Nxd7 Qxd7 16. Qe2 Rac8 17. Qf3 d4 18. Na4 dxe3 19. Nxb6 exf2+ 20. Qxf2 axb6 21.
Qxb6 Bc4 22. Bxf6 Bxd3 23. Rfd1 Qxb5 24. Qxb5 Bxb5 25. Be7 Rfe8 26. Bb4 Rxc2 27.
Rd2 Rxd2 28. Bxd2 h6 29. Bb4 Re2 30. Rf1 Bc6 31. Rf2 Rxf2 32. Kxf2 f5 33. g3 Kf7
34. Ke3 Ke6 35. g4 fxg4 36. hxg4 g6 37. Bf8 h5 38. gxh5 gxh5 39. Kf4 Kf6 40. Bh6
Ba4 41. Bg5+ Ke6 42. Kg3 Kd5 43. Kh4 Be8 44. Be7 1/2-1/2

[Event "Challenge"]
[Site "http://www.queenalice.com/game.php?id=1864432"]
[Date "2025.10.18"]
[Round "-"]
[White "Capixaba789"]
[Black "Mlintz"]
[Result "1-0"]
[WhiteElo "1814"]
[BlackElo "1914"]

1. d4 d5 2. Nc3 Nf6 3. e4 dxe4 4. f3 exf3 5. Be3 fxg2 6. Bxg2 e6 7. Nf3 Nc6 8.
Qe2 Bd7 9. O-O-O Qe7 10. Kb1 O-O-O 11. Ne5 Nxe5 12. dxe5 Ne8 13. Rhf1 Kb8 14.
Qf2 b6 15. h4 f6 16. Qf3 c6 17. Nb5 Rc8 18. exf6 Qxf6 19. Qg3+ 1-0

[Event "Let's Play Chess!"]
[Site "http://www.queenalice.com/game.php?id=1864483"]
[Date "2025.10.20"]
[Round "-"]
[White "Mlintz"]
[Black "josebaron"]
[Result "0-1"]
[WhiteElo "1894"]
[BlackElo "2157"]

1. e4 e5 2. Nf3 Nc6 3. c3 Nf6 4. d4 exd4 5. e5 Nd5 6. cxd4 Bb4+ 7. Bd2 Bxd2+ 8.
Nbxd2 O-O 9. Be2 Nf4 10. O-O Nxe2+ 11. Qxe2 Re8 12. Qd1 d5 13. exd6 Qxd6 14. Nb3
Bg4 15. h3 Bxf3 16. Qxf3 Rad8 17. Nc5 Nxd4 18. Qc3 Ne2+ 0-1

[Event "Challenge"]
[Site "http://www.queenalice.com/game.php?id=1864758"]
[Date "2025.10.27"]
[Round "-"]
[White "Mlintz"]
[Black "Capixaba789"]
[Result "0-1"]
[WhiteElo "1847"]
[BlackElo "1880"]

1. e4 e5 2. Nf3 d6 3. c3 f5 4. g3 Nf6 5. d3 Be7 6. Bg2 O-O 7. exf5 Bxf5 8. h3
Nc6 9. Qe2 e4 10. dxe4 Bxe4 11. Nbd2 d5 12. Nxe4 Nxe4 13. Be3 Bf6 14. O-O-O Na5
15. Ne1 Nxc3 16. bxc3 Qe7 17. Qc2 c6 18. Bd4 Nc4 19. Qb3 Bxd4 20. cxd4 Rxf2 21.
Bf3 Rf8 22. g4 b5 23. h4 Qf6 24. g5 Qf4+ 0-1

[Event "Challenge"]
[Site "http://www.queenalice.com/game.php?id=1864759"]
[Date "2025.10.27"]
[Round "-"]
[White "Capixaba789"]
[Black "Mlintz"]
[Result "1-0"]
[WhiteElo "1895"]
[BlackElo "1832"]

1. d4 d5 2. Nc3 c6 3. f4 e6 4. Nf3 Be7 5. e3 Nf6 6. Bd3 a6 7. O-O O-O 8. Ne2 b5
9. c3 Nfd7 10. Ng3 Nf6 11. Bd2 c5 12. Ne5 c4 13. Bc2 Nfd7 14. Qg4 Nxe5 15. fxe5
f5 16. Qf3 Qe8 17. b4 cxb3 18. axb3 Bd7 19. Bd3 Nc6 20. b4 Qc8 21. Nh5 g6 22.
Qg3 g5 23. Nf6+ Bxf6 24. exf6 Rxf6 25. Qxg5+ Rg6 26. Qh4 Ne7 27. Qxe7 1-0

[Event "Challenge"]
[Site "http://www.queenalice.com/game.php?id=1864937"]
[Date "2025.10.30"]
[Round "-"]
[White "Mlintz"]
[Black "sasquatico"]
[Result "1-0"]
[WhiteElo "1847"]
[BlackElo "1929"]

1. e4 e5 2. Nf3 d6 3. Bc4 Bg4 4. Nc3 Nf6 5. d3 h6 6. h3 Bh5 7. Bd2 a6 8. g4 Bg6
9. a4 Nc6 10. Nd5 Nxd5 11. Bxd5 a5 12. c3 Be7 13. Qe2 O-O 14. h4 Kh8 15. g5 h5
16. d4 f6 17. gxf6 Bxf6 18. Bg5 Rb8 19. Rg1 Ne7 20. Bb3 exd4 21. cxd4 Bxg5 22.
Rxg5 Kh7 23. Bd1 Nc6 24. Rxh5+ Bxh5 25. Ng5+ Kg8 26. Qxh5 Qxg5 27. Qxg5 Rbe8 28.
Bb3+ Rf7 29. Qg6 Re7 30. O-O-O Nb4 31. Bxf7+ Rxf7 32. Qg3 b6 33. f4 c5 34. dxc5
dxc5 35. h5 Rf6 36. Rd7 1-0

[Event "Challenge"]
[Site "http://www.queenalice.com/game.php?id=1864938"]
[Date "2025.10.30"]
[Round "-"]
[White "sasquatico"]
[Black "Mlintz"]
[Result "1-0"]
[WhiteElo "1915"]
[BlackElo "1866"]

1. d4 d5 2. e3 c5 3. Bb5+ Bd7 4. Bxd7+ Nxd7 5. Nf3 cxd4 6. Nxd4 Nb6 7. b3 e5 8.
Nf5 Nf6 9. O-O g6 10. Ng3 Bg7 11. Bb2 e4 12. Nd2 O-O 13. f3 exf3 14. Nxf3 Re8
15. Bd4 Rc8 16. Qd3 Nfd7 17. Bxg7 Kxg7 18. Qd4+ f6 19. c3 Qc7 20. Rac1 Kf7 21.
Ng5+ Kg7 22. a4 Ne5 23. Nh3 Re6 24. Nf4 Rd6 25. Ngh5+ gxh5 26. Nxh5+ Kf7 27.
Qxe5 Qe7 28. Qxe7+ Kxe7 29. Ng3 Kd8 30. Nf5 Rc7 31. Nxd6 1-0

[Event "Let's Play Chess!"]
[Site "http://www.queenalice.com/game.php?id=1865559"]
[Date "2025.11.14"]
[Round "-"]
[White "Mlintz"]
[Black "Capixaba789"]
[Result "1-0"]
[WhiteElo "1866"]
[BlackElo "1927"]

1. e4 e5 2. Nf3 d6 3. d4 exd4 4. c3 dxc3 5. Nxc3 Nf6 6. Bg5 Be7 7. Be2 O-O 8.
O-O Nc6 9. Qc1 Ne5 10. Rd1 Nxf3+ 11. Bxf3 Qe8 12. Nd5 Nxd5 13. exd5 Bxg5 14.
Qxg5 f5 15. Bh5 Qe5 16. Re1 Qxb2 17. Rab1 Qf6 18. Qxf6 gxf6 19. Re7 c5 20. dxc6
bxc6 21. Rbe1 Ba6 22. Rc7 Bb5 23. Ree7 Bc4 24. Rg7+ Kh8 25. Rxh7+ Kg8 26. Rcg7#
1-0

[Event "Let's Play Chess!"]
[Site "http://www.queenalice.com/game.php?id=1865560"]
[Date "2025.11.14"]
[Round "-"]
[White "Capixaba789"]
[Black "Mlintz"]
[Result "1/2-1/2"]
[WhiteElo "1843"]
[BlackElo "1894"]

1. d4 e6 2. e4 d5 3. exd5 exd5 4. Nc3 Nf6 5. Nf3 Be7 6. Bd3 c6 7. O-O O-O 8. Bf4
Re8 9. Ne5 Bd6 10. Qf3 Nbd7 11. Nxf7 Kxf7 12. Bxd6 Kg8 13. Bg3 b6 14. Rae1 a5
15. Ne2 Ba6 16. Bh4 Bxd3 17. cxd3 Rf8 18. Nf4 g6 19. Ne6 Qc8 20. Nxf8 Qxf8 21.
Re6 Nh5 22. Qxf8+ Rxf8 23. Rxc6 Nf4 24. Rd1 Re8 25. Rd6 Nf8 26. Rxb6 Nxd3 27. h3
Nf4 28. Ra6 Re2 29. Rxa5 Rxb2 30. Ra8 h6 31. Be7 Ne6 32. Rc1 Rb7 33. Rcc8 Rxe7
34. a4 Kf7 35. a5 Nd7 36. Ra7 Nxd4 37. a6 Nb6 38. Rxe7+ Kxe7 39. Rc7+ Kd6 40.
Rb7 Kc6 41. Rf7 Kb5 42. a7 Ka6 43. g4 Nc6 44. Rf6 Nxa7 45. Rxg6 d4 46. Rxh6 Nb5
47. Rh8 Nd5 48. Kf1 d3 49. Ke1 Nf4 50. g5 Nd4 51. h4 Ng2+ 52. Kd2 Nf4 53. h5
Nb3+ 54. Kd1 Ne2 55. Rc8 Kb7 56. Rd8 Nc3+ 57. Ke1 d2+ 58. Rxd2 Nxd2 59. h6 Nf3+
60. Kf1 Nxg5 61. Kg2 Kc7 62. Kg3 Kd6 63. Kg4 Nh7 64. Kh5 Ke7 65. Kg6 Nf6 66. h7
Nxh7 67. Kxh7 Kf6 1/2-1/2